Black African Voices
Furkejuvvon:
| Váldodahkki: | |
|---|---|
| Materiálatiipa: | Girji |
| Giella: | Undetermined |
| Almmustuhtton: |
Estados Unidos
Scott, Foresman and Company
1970
|
| Fáttát: | |
| Fáddágilkorat: |
Lasit fáddágilkoriid
Eai fáddágilkorat, Lasit vuosttaš fáddágilkora!
|
MARC
| LEADER | 00000nam a2200000Ia 4500 | ||
|---|---|---|---|
| 008 | 170316s9999 xx 000 0 und d | ||
| 040 | |a cru BVZT | ||
| 090 | |a 810 M-43b | ||
| 100 | |a Miller, James E. | ||
| 245 | |a Black African Voices | ||
| 260 | |a Estados Unidos | ||
| 260 | |b Scott, Foresman and Company | ||
| 260 | |c 1970 | ||
| 300 | |a 431 páginas | ||
| 650 | |a LITERATURA ESTADOUNIDENSE | ||
| 999 | |c 5946 |d 5946 | ||
| 942 | |c 15 D |h 810 M-43b |2 z | ||
